Data conversion handbook /

This comprehensive handbook is a one-stop engineering reference. Covering data converter fundamentals, techniques, applications, and beginning with the basic theoretical elements necessary for a complete understanding of data converters, this reference covers all the latest advances in the field. Th...

Full description

Bibliographic Details
Corporate Author: Analog Devices Inc
Other Authors: Kester, Walt
Format: eBook
Language:English
Published: Amsterdam ; Boston : Elsevier : Newnes, [2005]
Series:Analog Devices series.
Subjects:
Online Access:Connect to the full text of this electronic book
Publisher description
Table of contents only

MARC

Tag First Indicator Second Indicator Subfields
LEADER 00000cam a2200000Ia 4500
001 in00002425408
005 20211009063113.0
006 m d
007 cr cn|||||||||
008 070806s2005 ne a sbf 001 0 eng d
020 |a 9780750678414 
020 |a 0750678410 
035 |a (OCoLC)ocn162593361 
035 |a (OCoLC)162593361 
037 |a 105330:105358  |b Elsevier Science & Technology  |n http://www.sciencedirect.com 
040 |a OPELS  |c OPELS  |d UtOrBLW 
049 |a TEFA 
050 1 4 |a TK7887.6  |b .D358 2005eb 
082 0 4 |a 621.3815/9  |2 22 
245 0 0 |a Data conversion handbook /  |c Analog Devices ; Walter Kester, editor ; with the technical staff of Analog Devices. 
264 1 |a Amsterdam ;  |a Boston :  |b Elsevier :  |b Newnes,  |c [2005] 
264 4 |c ©2005 
300 |a xxi, 953 pages :  |b illustrations ;  |c 25 cm. 
336 |a text  |b txt  |2 rdacontent 
337 |a computer  |b c  |2 rdamedia 
338 |a online resource  |b cr  |2 rdacarrier 
490 1 |a Analog Devices series 
533 |a Electronic reproduction.  |b Amsterdam :  |c Elsevier Science & Technology,  |d 2007.  |n Mode of access: World Wide Web.  |n System requirements: Web browser.  |n Title from title screen (viewed on Aug. 2, 2007).  |n Access may be restricted to users at subscribing institutions. 
520 |a This comprehensive handbook is a one-stop engineering reference. Covering data converter fundamentals, techniques, applications, and beginning with the basic theoretical elements necessary for a complete understanding of data converters, this reference covers all the latest advances in the field. This text describes in depth the theory behind and the practical design of data conversion circuits as well as describing the different architectures used in A/D and D/A converters. Details are provided on the design of high-speed ADCs, high accuracy DACs and ADCs, and sample-and-hold amplifiers. Also, this reference covers voltage sources and current reference, noise-shaping coding, and sigma-delta converters, and much more. The books 900-plus pages are packed with design information and application circuits, including guidelines on selecting the most suitable converters for particular applications. Youll find the very latest information on: Data converter fundamentals, such as key specifications, noise, sampling, and testing Architectures and processes, including SAR, flash, pipelined, folding, and more Practical hardware design techniques for mixed-signal systems, such as driving ADCs, buffering DAC outputs, sampling clocks, layout, interfacing, support circuits, and tools. Data converter applications dealing with precision measurement, data acquisition, audio, display, DDS, software radio and many more. The accompanying CD-ROM provides software tools for testing and analyzing data converters as well as a searchable pdf version of the text. * Brings together a huge amount of information impossible to locate elsewhere. * Many recent advances in converter technology simply aren't covered in any other book. * A must-have design reference for any electronics design engineer or technician. 
505 0 |a 1. Fundamentals of Sampled Data Systems -- Coding and Quantizing -- DAC/ADC Ideal Static Transfer Functions -- Sampling Theory -- Data Converter AC errors and specifications -- 2. DAC Architectures and Origins -- Kelvin Divider -- String DACs -- R/2R DACs -- Segmented DACs -- Capacitor DACs -- Multiplying DACs -- Interpolating DACs -- Deglitching DAC outputs -- PWM DACs -- Sigma-Delta DACs -- Video DACs with lookup tables -- Digital potentiometers -- MicroDACs -- LogDACs -- 3. ADC Architectures and origins -- Low speed -- High speed -- Sigma-Delta -- 4. Data Converter Process Technology -- 5. Testing Data Converters -- 6. Interfacing to ADCs and DACs -- 7. Data Conversion Support Circuits -- Sample-and-hold circuits -- Voltage references -- Analog switches and multiplexers -- 8. Applications -- Precision measurement and sensor conditioning -- Data acquisition subsystems -- Multichannel systems and multiplexing -- Data distribution systems using multiple DACs -- Digital pot applications -- Display electronics -- Audio -- Video -- Software radio and IF sampling -- Higher levels of integration -- DDS -- 9. Hardware Design Techniques for Mixed-Signal Systems -- Passive components -- Printed circuit board design issues -- Layout -- "Smart" Partitioning -- Grounding mixed signal devices -- Digital isolation techniques -- Filtering switching supply outputs -- Data converter overvoltage protection -- Thermal considerations -- EMI/RFI considerations -- Logic considerations -- Simulation and IBIS models -- Prototyping -- Evaluation Boards -- Appendix -- Index. 
504 |a Includes bibliographical references and index. 
500 |a Electronic resource. 
650 0 |a Digital-to-analog converters  |v Handbooks, manuals, etc. 
650 0 |a Analog-to-digital converters  |v Handbooks, manuals, etc. 
650 0 |a Electronic circuit design  |v Handbooks, manuals, etc. 
655 7 |a Electronic books.  |2 local 
700 1 |a Kester, Walt. 
710 2 |a Analog Devices Inc. 
730 0 |a Referex. 
776 1 |c Original  |z 0750678410  |z 9780750678414  |w (DLC) 2005274687  |w (OCoLC)57707468 
830 0 |a Analog Devices series. 
856 4 0 |u http://proxy.library.tamu.edu/login?url=http://www.sciencedirect.com/science/book/9780750678414  |z Connect to the full text of this electronic book  |t 0 
856 4 2 |3 Publisher description  |u http://www.loc.gov/catdir/enhancements/fy0626/2005274687-d.html  |t 0 
856 4 2 |3 Table of contents only  |u http://www.loc.gov/catdir/enhancements/fy0626/2005274687-t.html  |t 0 
994 |a C0  |b TEF 
999 |a MARS 
999 f f |s b48321c9-d25e-30e6-832b-6397c0a12cc8  |i d4f26488-7953-3442-a9be-c7654287041b  |t 0 
952 f f |a Texas A&M University  |b College Station  |c Electronic Resources  |d Available Online  |t 0  |e TK7887.6 .D358 2005eb  |h Library of Congress classification 
998 f f |a TK7887.6 .D358 2005eb  |t 0  |l Available Online